000
00337nam a2200133 a 4500
005
20140414093838.0
008
110322s19uu xx uuu eng d
050
_a
CT
_b
TIM
245
_a
Timeless waltzes :
_b
invitation to dance vol.8.
260
_a
Philippines :
_b
Ivory Records.
650
_a
Waltz
942
_c
AVM
999
_c
109144
_d
109144